Statistiques concernant Liste des buteurs en coupe du monde

Cliquez ici pour prendre le quiz!

Statistiques générales

  • Ce quiz a été pris 102 fois
  • Le résultat moyen est 8 sur 22

Statistiques - réponses

Nombre de butsJoueurs% Correct
15 (Brésil)Ronaldo
98%
14 (Allemagne de l'ouest)Gerd Müller
87%
16 (Allemagne)Miroslav Klose
87%
10 (Allemagne)Thomas Muller
84%
12 (Brésil)Pelé
79%
13 (France)Just Fontaine
77%
9 (Portugal)Eusebio
52%
9 (Espagne)David Villa
44%
9 (Italie)Roberto Baggio
29%
10 (Argentine)Gabriel Batistuta
21%
9 (Italie)Paolo Rossi
20%
10 (Angleterre)Gary Lineker
18%
9 (Allemagne de l'ouest)Karl-Heinz Rummenigge
16%
9 (Italie)Christian Vieri
13%
9 (Brésil)Jairzinho
10%
11 (Allemagne)Jurgen Klinsmann
10%
9 (Brésil)Vava
10%
11 (Hongrie)Sandor Kocsis
7%
10 (Pologne)Grzgorz Lato
6%
10 (Allemagne de l'ouest)Helmut Rahn
6%
10 (Pérou)Teofilo Cubillas
6%
9 (Allemagne de l'ouest)Uwe Seeler
5%

Distribution des résultats

Percentile par nombre de réponses

% des personnes avec chaque résultat

Votre développement - résultats

Vous n’avez pas pris ce quiz